[Event "Nichelino Berruto Memorial 19th"]
[Site "Nichelino"]
[Date "2016.03.18"]
[Round "6"]
[White "Coxe, Marino"]
[Black "Bosetti, Roberto"]
[Result "1-0"]
[WhiteElo "1670"]
[BlackElo "1771"]
[PlyCount "59"]
[EventDate "2016.02.12"]
[EventType "swiss"]
[EventRounds "6"]
[EventCountry "ITA"]
[SourceTitle "EXT 2018"]
[Source "ChessBase"]
[SourceDate "2017.10.13"]
[SourceVersion "1"]
[SourceVersionDate "2017.10.13"]
[SourceQuality "1"]

1. d4 Nf6 2. c4 e6 3. Nc3 Bb4 4. Bd2 c5 5. e3 cxd4 6. exd4 0-0 7. Nf3 d5 8. cxd5 Nxd5 9. Qc2 Nc6 10. Bc4 Nf6 11. Be3 Ng4 12. 0-0 Nf6 13. Rad1 a6 14. a3 Be7 15. Ba2 Qa5 16. d5 exd5 17. Nxd5 Nxd5 18. Bxd5 Bg4 19. Bxc6 bxc6 20. Qxc6 Rac8 21. Qe4 Bxf3 22. Qxf3 Bf6 23. Bd4 Bxd4 24. Rxd4 Qe5 25. Rfd1 Rfe8 26. g3 g6 27. Rd7 Qe6 28. R1d6 Qe1+ 29. Kg2 Qe4 30. Rxf7 1-0

[Event "Torino Bombelli Memorial 11th"]
[Site "Torino"]
[Date "2011.09.11"]
[Round "4"]
[White "Haddad Filho, Paulo Ibrahim"]
[Black "Coxe, Marino"]
[Result "1-0"]
[WhiteElo "1971"]
[BlackElo "1744"]
[PlyCount "49"]
[EventDate "2011.09.09"]
[EventType "swiss"]
[EventRounds "5"]
[EventCountry "ITA"]
[SourceTitle "EXT 2023"]
[Source "ChessBase"]
[SourceDate "2022.10.05"]
[SourceVersion "1"]
[SourceVersionDate "2022.10.05"]
[SourceQuality "1"]

1. d4 d5 2. Nf3 Nf6 3. Bg5 e6 4. Nbd2 Be7 5. e3 Nc6 6. c3 0-0 7. Bd3 a6 8. Ne5 Qe8 9. f4 h6 10. h4 Nxe5 11. dxe5 Nd7 12. Bxh6 f5 13. exf6 Nxf6 14. Bg5 Qh5 15. Qxh5 Nxh5 16. Bxe7 Re8 17. Bg5 Ng3 18. Rh3 Nf5 19. Bxf5 exf5 20. Kf2 Bd7 21. h5 Kf7 22. Nf3 Rh8 23. Ne5+ Ke6 24. Nxd7 Kxd7 25. h6 1-0